000 00893nam a2200277 i 4500
003 DO-SdBNP
005 20240711115054.0
007 ta
008 240627b2024 dr |||| |||| 00| p spa d
020 _a9789945654080
040 _aDO-SdBNP
_bspa
_cBNPHU
_erda
082 4 _aRD861.5
_bI56v
_222
100 1 _aInirio, Juan
_d1991
_eautor
_985187
245 1 0 _aVigilia en el desierto /
_cJuan Antonio Hernández Inirio
264 1 _aSanto Domingo :
_bSantuario,
_c2024.
300 _a124 páginas ;
_c23 cm.
336 _2rdacontent
_atexto
_btxt
337 _2rdamedia
_asin mediación
_bn
338 _2rdacarrier
_avolumen
_bnc
500 _aIncluye datos biográficos del autor en la solapa de la cubierta
590 _aInventariado, 2024/BT
650 4 _aPoesía dominicana
650 4 _aLiteratura dominicana
910 _aBtavárez /Validado. Control de calidad MFF
942 _2ddc
_cLBS1
999 _c57040
_d57040